Querer querernos - Estadísticas

Estadísticas generales
  • Esta prueba ha sido intentada 7 veces
  • La puntuación promedio es 324 de 456
Estadísticas de respuestas
Letra % Correcto
a
100%
con
100%
de
100%
del
100%
delfines
100%
el
100%
El
100%
en
100%
la
100%
las
100%
lo
100%
los
100%
Los
100%
no
100%
nubes
100%
pa
100%
para
100%
Para
100%
por
100%
que
100%
Que
100%
querer
100%
Si
100%
si
100%
sin
100%
te
100%
Te
100%
ti
100%
tiburones
100%
trampolines
100%
vestí
100%
Y
100%
y
100%
acariciaba
80%
al
80%
alas
80%
algo
80%
allí
80%
alma
80%
amor
80%
Amor
80%
Andábamos
80%
andábamos
80%
ángeles
80%
arco
80%
atravesar
80%
Aunque
80%
aunque
80%
barba
80%
bien
80%
bueno
80%
buscarnos
80%
caer
80%
cielo
80%
creo
80%
dejé
80%
dije
80%
Donde
80%
donde
80%
encontrarnos
80%
entré
80%
entre
80%
es
80%
esta
80%
estado
80%
fuego
80%
fueron
80%
hasta
80%
iris
80%
manos
80%
más
80%
me
80%
Me
80%
mi
80%
Mi
80%
na
80%
noche
80%
o
80%
olía
80%
pasaría
80%
paz
80%
perfume
80%
porque
80%
Porque
80%
primera
80%
querías
80%
río
80%
ruidos
80%
sabía
80%
sabías
80%
sabiendo
80%
se
80%
Sino
80%
tan
80%
Tenía
80%
tobogán
80%
tu
80%
80%
Un
80%
un
80%
use
80%
usé
80%
vista
80%
aquí
60%
arboles
60%
asustase
60%
cantos
60%
claro
60%
colibbrí
60%
comenzaban
60%
como
60%
crecer
60%
Crecí
60%
cuento
60%
cuerpo
60%
defecto
60%
estaba
60%
Estaba
60%
flores
60%
halla
60%
hecho
60%
huellas
60%
instante
60%
jazz
60%
labios
60%
miocardio
60%
miran
60%
mis
60%
ojos
60%
Pangea
60%
parecía
60%
parecían
60%
perfecto
60%
pies
60%
planetas
60%
podía
60%
Podía
60%
querían
60%
quitarme
60%
razón
60%
reír
60%
sobre
60%
sonrisas
60%
suena
60%
tanto
60%
tiempo
60%
tocándote
60%
tomé
60%
tratase
60%
tus
60%
vida
60%
volar
60%
yo
60%
Yo
60%
acelerabas
40%
Acelerar
40%
adjetivo
40%
aterrizar
40%
blues
40%
caderas
40%
caldo
40%
callarme
40%
cama
40%
Caminaba
40%
cantaban
40%
cordilleras
40%
crear
40%
ellas
40%
ellos
40%
encogí
40%
Era
40%
esa
40%
escalaban
40%
estar
40%
estrellas
40%
gemir
40%
hablar
40%
haciéndote
40%
humilde
40%
instantes
40%
iría
40%
jugué
40%
leguleya
40%
lengua
40%
mar
40%
movimiento
40%
nacer
40%
nada
40%
nuevo
40%
olas
40%
palabras
40%
paraíso
40%
parar
40%
placer
40%
plano
40%
pocos
40%
poder
40%
posición
40%
quizás
40%
rap
40%
repetir
40%
segundo
40%
senos
40%
sería
40%
simple
40%
soñando
40%
sudar
40%
tal
40%
unidos
40%
vez
40%
vieras
40%
abdomen
20%
almohadines
20%
antes
20%
Besaba
20%
canción
20%
cantado
20%
compás
20%
corta
20%
cualquier
20%
Cuando
20%
debería
20%
derecho
20%
despacio
20%
elegir
20%
escrito
20%
este
20%
estira
20%
estos
20%
explicarme
20%
forma
20%
hace
20%
hacer
20%
hacerte
20%
Iba
20%
ibas
20%
imitaban
20%
inspiras
20%
llenándome
20%
llorar
20%
mañana
20%
metras
20%
otro
20%
Peleabas
20%
piernas
20%
Podías
20%
quien
20%
quisieras
20%
Reventaban
20%
rozaba
20%
sed
20%
Sentía
20%
sintieras
20%
sobran
20%
termine
20%
través
20%
una
20%
ver
20%
ya
20%
Ya
20%
abrazarte
0%
atterrizando
0%
decirte
0%
encantó
0%
Olvidaba
0%
vil
0%
No se encontraron pruebas coincidentes
Distribución de puntuación
Porcentaje de gente con cada puntuación
Porcentaje por número respondido
Historial de tus puntuaciones
No has intentado esta prueba.